[Event "Tourn. n8413"]
[Site "www.chess-mail.com"]
[Date "2015.10.19"]
[Round "1"]
[White "Aperturaf"]
[Black "Karousek"]
[WhiteElo "2390"]
[BlackElo "2310"]
[Result "1-0"]
[Round "1"]
1.e4 c5
2.Ng1f3 e6
3.c3 Ng8f6
4.e5 Nf6d5
5.g3 Nb8c6
6.Bf1g2 b6
7.O-O Bc8b7
8.Rf1e1 Bf8e7
9.d4 cxd4
10.c4 Nd5b4
11.a3 Nb4a6
12.b4 Na6c7
13.Nf3xd4 Qd8c8
14.Nb1c3 Nc6xd4
15.Qd1xd4 O-O
16.Bg2xb7 Qc8xb7
17.Qd4xd7 Rf8e8
18.Nc3b5 Ra8c8
19.Nb5d6 Be7xd6
20.exd6 Re8d8
21.Qd7e7 Rd8e8
22.Qe7g5 Nc7a6
23.Bc1b2 f5
24.Ra1d1 Rc8d8
25.Re1xe6 { resign }
1-0

[Event "Tourn. n8380"]
[Site "www.chess-mail.com"]
[Date "2015.10.19"]
[Round "1"]
[White "Vasylpuzanov"]
[Black "Ericleo1980"]
[WhiteElo "2290"]
[BlackElo "2330"]
[Result "0-1"]
[Round "1"]
1.c4 Ng8f6
2.Nb1c3 c5
3.e4 d6
4.d4 cxd4
5.Qd1xd4 Nb8c6
6.Qd4d1 Bc8g4
7.Bf1e2 Bg4xe2
8.Qd1xe2 e6
9.Ng1f3 a6
10.Bc1g5 Bf8e7
11.O-O Qd8c7
12.b3 O-O
13.Ra1d1 Rf8d8
14.h3 h6
15.Bg5h4 Rd8d7
16.Bh4g3 Qc7a5
17.Kh1 { time. }
0-1

[Event "Tourn. n8320"]
[Site "www.chess-mail.com"]
[Date "2015.10.19"]
[Round "1"]
[White "Jose"]
[Black "Tartan"]
[WhiteElo "2670"]
[BlackElo "2480"]
[Result "1-0"]
[Round "1"]
1.d4 Ng8f6
2.Ng1f3 d5
3.c4 e6
4.Nb1c3 Bf8e7
5.Bc1g5 c6
6.e3 Nb8d7
7.Bf1d3 O-O
8.Ra1c1 dxc4
9.Bd3xc4 Nf6d5
10.Bg5xe7 Qd8xe7
11.O-O Nd5xc3
12.Rc1xc3 e5
13.Qd1c2 exd4
14.exd4 Nd7b6
15.Rf1e1 Qe7d8
16.Bc4b3 Nb6d5
17.Bb3xd5 Qd8xd5
18.Re1e5 Qd5d6
19.Nf3g5 Qd6g6
20.Ng5e4 Bc8f5
21.Rc3e3 Ra8d8
22.Qc2a4 Bf5xe4
23.Re3xe4 b6
24.g3 Rd8d7
25.Kg2 h6
26.h4 Qg6d6
27.Qa4c4 Rf8d8
28.b4 Qd6f6
29.Re4f4 Qf6d6
30.a4 Qd6g6
31.h5 Qg6d6
32.a5 Rd7b7
33.a6 Rb7d7
34.Rf4e4 Kh7
35.Qc4c2 { resign }
1-0

[Event "Tourn. n8427"]
[Site "www.chess-mail.com"]
[Date "2015.10.19"]
[Round "1"]
[White "Norlavuaram"]
[Black "Luban"]
[WhiteElo "2190"]
[BlackElo "2140"]
[Result "1-0"]
[Round "1"]
1.e4 c5
2.Ng1f3 d6
3.Bf1b5 Bc8d7
4.Bb5xd7 Qd8xd7
5.c4 Nb8c6
6.O-O g6
7.Nb1c3 Bf8g7
8.d3 a6
9.Nc3d5 Qd7d8
10.a3 h6
11.Qd1e2 e6
12.Nd5c3 Ng8e7
13.Bc1e3 Ra8b8
14.Ra1c1 b5
15.cxb5 axb5
16.Rf1d1 Nc6a5
17.d4 Na5b3
18.Rc1c2 c4
19.e5 d5
20.Nf3d2 Bg7xe5
21.dxe5 d4
22.Nd2xb3 d3
23.Qe2f3 dxc2
24.Rd1xd8 Rb8xd8
25.Nb3c1 Ne7d5
26.Nc3xd5 Rd8xd5
27.h3 { resign }
1-0

[Event "Match"]
[Site "www.echecsemail.com"]
[Date "2015.10.19"]
[Round "1"]
[White "Chapi"]
[Black "Darknight"]
[WhiteElo "2040"]
[BlackElo "1700"]
[Result "1-0"]
[Round "1"]
1.d4 d5
2.c4 e6
3.cxd5 exd5
4.Ng1f3 h6
5.Bc1f4 Nb8c6
6.e3 a6
7.Bf1e2 Bc8f5
8.O-O Bf5e4
9.Nb1c3 f6
10.Nc3xe4 dxe4
11.Nf3h4 Nc6e7
12.Be2h5 g6
13.Nh4xg6 Ne7xg6
14.Bh5xg6 Ke7
15.Qd1c2 f5
16.Qc2c5 Kf6
17.Qc5xf5 { resign }
1-0

[Event "Match"]
[Site "www.echecsemail.com"]
[Date "2015.10.19"]
[Round "1"]
[White "Jhw"]
[Black "Fkarpov"]
[WhiteElo "1860"]
[BlackElo "2090"]
[Result "0-1"]
[Round "1"]
1.c4 Ng8f6
2.e3 e6
3.a3 c5
4.Nb1c3 Bf8e7
5.d4 cxd4
6.exd4 O-O
7.b4 d5
8.c5 a6
9.Bf1d3 Nb8c6
10.Bc1e3 Rf8e8
11.Ng1f3 Qd8c7
12.Qd1c2 g6
13.Be3h6 e5
14.Nf3xe5 Nc6xd4
15.Qc2d1 Qc7xe5
16.Bh6e3 Nf6g4
17.Kd2 Be7g5
18.Rh1e1 Ng4xf2
19.Qd1e2 Nd4xe2
20.Kc2 Qe5xc3
{ resign }
0-1

[Event "Match"]
[Site "www.echecsemail.com"]
[Date "2015.10.19"]
[Round "1"]
[White "Lino"]
[Black "Pinehill"]
[WhiteElo "1799"]
[BlackElo "1990"]
[Result "1-0"]
[Round "1"]
1.e4 d5
2.exd5 Ng8f6
3.d4 Qd8xd5
4.Ng1f3 c6
5.Bf1e2 Bc8f5
6.O-O e6
7.c4 Qd5d6
8.Nb1c3 Nb8d7
9.Nf3h4 Bf5g6
10.g3 O-O-O
11.Bc1f4 Qd6b4
12.a3 Qb4xb2
13.Nh4xg6 hxg6
14.Nc3a4 Qb2xa1
15.Qd1xa1 Bf8e7
16.Qa1b2 Nf6h5
17.Bf4e3 f5
18.Rf1b1 { resign }
1-0

[Event "Match"]
[Site "www.echecsemail.com"]
[Date "2015.10.19"]
[Round "1"]
[White "Tendoi"]
[Black "Acucar1"]
[WhiteElo "1329"]
[BlackElo "1470"]
[Result "0-1"]
[Round "1"]
1.e4 e5
2.Ng1f3 Nb8c6
3.Bf1b5 a6
4.Bb5a4 Ng8f6
5.O-O b5
6.Ba4b3 d6
7.h3 Nc6a5
8.d3 Bf8e7
9.c3 Na5xb3
10.Qd1xb3 Bc8e6
 { time }
0-1

[Event "Match"]
[Site "www.echecsemail.com"]
[Date "2015.10.19"]
[Round "1"]
[White "Pinehill"]
[Black "Darknight"]
[WhiteElo "2030"]
[BlackElo "1700"]
[Result "1-0"]
[Round "1"]
1.e4 e5
2.Ng1f3 d6
3.Bf1c4 h6
4.d3 Bc8g4
5.Bc1e3 c6
6.Nb1d2 Ng8f6
7.O-O Nb8d7
8.h3 h5
9.Be3g5 Qd8e7
10.hxg4 hxg4
11.Bc4b3 O-O-O
12.Nf3h4 g6
13.g3 Bf8h6
14.Bg5xh6 Rh8xh6
15.f4 exf4
16.Rf1xf4 Rd8f8
17.Qd1f1 b5
18.a4 a6
19.axb5 axb5
20.Ra1a7 Rh6h7
21.Qf1a1 g5
22.Qa1a6 Kd8
23.Ra7a8 Nd7b8
24.Ra8xb8 Kd7
25.Rb8b7 Ke8
26.Rb7b8 Qe7d8
27.Rb8xd8 Kxd8
28.Rf4xf6 d5
29.Qa6xc6 gxh4
30.Rf6d6 Ke7
31.Qc6d7 
1-0

[Event "Match"]
[Site "www.echecsemail.com"]
[Date "2015.10.19"]
[Round "1"]
[White "Goofy"]
[Black "Lorenatache"]
[WhiteElo "2260"]
[BlackElo "1809"]
[Result "1-0"]
[Round "1"]
1.e4 e5
2.Ng1f3 Ng8f6
3.Nf3xe5 d6
4.Ne5f3 Nf6xe4
5.Nb1c3 Ne4xc3
6.dxc3 Bf8e7
7.Bc1e3 O-O
8.Qd1d2 Bc8e6
9.O-O-O Nb8c6
10.Kb1  { time }
1-0

[Event "Match"]
[Site "www.echecsemail.com"]
[Date "2015.10.19"]
[Round "1"]
[White "Lorenatache"]
[Black "Libiesse"]
[WhiteElo "1809"]
[BlackElo "2070"]
[Result "0-1"]
[Round "1"]
1.d4 d5
2.c4 e6
3.Ng1f3 Ng8f6
4.Bc1g5 Bf8e7
5.e3 h6
6.Bg5xf6 Be7xf6
7.Nb1c3 Nb8d7
8.Ra1c1 c5
9.cxd5 cxd4
10.dxe6 dxc3
11.exd7 Qd8xd7
12.Qd1xd7 Bc8xd7
13.bxc3 Ra8c8
 { time }
0-1

[Event "Match"]
[Site "www.echecsemail.com"]
[Date "2015.10.19"]
[Round "1"]
[White "Lino"]
[Black "Pariolinius"]
[WhiteElo "1799"]
[BlackElo "1920"]
[Result "1-0"]
[Round "1"]
1.e4 d6
2.d4 Ng8f6
3.Nb1c3 c6
4.f4 g6
5.Ng1f3 Bf8g7
6.Bf1d3 O-O
7.O-O Nb8a6
8.a3 c5
9.d5 Bc8g4
10.Qd1e1 Qd8b8
11.f5 Qb8c8
12.Nf3d2 Qc8d7
13.h3 Bg4h5
14.Qe1h4 Ra8c8
15.g4 { resign }
1-0

[Event "Match"]
[Site "www.echecsemail.com"]
[Date "2015.10.19"]
[Round "1"]
[White "Ericleo1980"]
[Black "Emerchess"]
[WhiteElo "2370"]
[BlackElo "1299"]
[Result "1-0"]
[Round "1"]
1.e4 c5
2.Ng1f3 Nb8c6
3.d4 cxd4
4.Nf3xd4 Ng8f6
5.Nb1c3 d6
6.Bc1e3 Bc8d7
7.Bf1c4 Ra8c8
8.Bc4b3 g6
9.f3 Bf8g7
10.Qd1d2 O-O
11.O-O-O a6
12.g4 Qd8c7
13.h4 Nc6xd4
14.Be3xd4 e5
15.Bd4e3 Rf8d8
16.Qd2xd6 Qc7xd6
17.Rd1xd6 Bd7c6
18.Rh1d1 Rd8xd6
19.Rd1xd6 Nf6e8
20.Rd6d3 Ne8c7
21.h5 Nc7b5
22.Nc3xb5 Bc6xb5
23.Rd3d2 Kh8
24.h6 Bg7f8
25.Bb3xf7 { resign }
1-0

[Event "Match"]
[Site "www.echecsemail.com"]
[Date "2015.10.19"]
[Round "1"]
[White "Witpar"]
[Black "Andychesston"]
[WhiteElo "2600"]
[BlackElo "2020"]
[Result "1-0"]
[Round "1"]
1.d4 d5
2.Ng1f3 Nb8c6
3.c4 Ng8f6
4.cxd5 Nf6xd5
5.e4 Nd5f6
6.d5 Nc6b4
7.Qd1a4 c6
8.Qa4xb4 a5
9.Qb4a4 Bc8d7
10.dxc6 bxc6
11.Bf1c4 e5
12.Nf3xe5 Bf8b4
13.Nb1c3 O-O
14.O-O c5
15.Ne5xd7 Nf6xd7
16.Rf1d1 Ra8a7
17.Bc4b5 Nd7b6
18.Rd1xd8 Nb6xa4
19.Rd8xf8 Kxf8
20.Nc3xa4 Ra7b7
21.Bb5c6 Rb7c7
22.Bc6d5 c4
23.Bc1f4 Rc7d7
24.Na4b6 Rd7d8
25.Nb6xc4 f6
26.a3 Bb4c5
27.Nc4xa5 g5
28.Bf4d2 Kg7
29.Na5b7 Rd8c8
30.Ra1c1 Bc5xf2
31.Kxf2 Rc8b8
32.Rc1c7 Kh6
33.Nb7d6 Rb8xb2
34.Nd6f5 Kh5
35.Rc7xh7 Kg6
36.Rh7h6 
1-0

[Event "1/128 Finale"]
[Site "www.chess-mail.com"]
[Date "2015.10.19"]
[Round "1"]
[White "Julian"]
[Black "Huw"]
[WhiteElo "1800"]
[BlackElo "999"]
[Result "0-1"]
[Round "1"]
1.e4 e5
2.Ng1f3 Nb8c6
3.Bf1b5 a6
4.Bb5c4 Bf8c5
5.O-O Ng8f6
6.d3 b5
7.Bc4b3 a5
8.a4 b4
9.Bc1e3 Bc5xe3
10.fxe3 O-O
11.Nb1d2 d6
12.Qd1e2 Bc8g4
13.h3 Bg4e6
14.d4 Be6xb3
15.cxb3 Nf6d7
16.Ra1c1 Nc6b8
17.Nd2c4 f6
18.dxe5 fxe5
19.Rf1d1 Qd8e7
20.Nc4d2 Nb8a6
21.Rc1c6 Nd7c5
22.Nd2c4 Na6b8
23.Nc4xd6 Nb8xc6
24.Nd6f5 Qe7e6
25.Nf3g5 Qe6xb3
26.Rd1c1 Nc5xe4
27.Rc1xc6 Ne4xg5
28.Nf5e7 Kh8
29.Qe2h5 Qb3xe3
30.Kh2 Rf8f1
31.Ne7g6 Kg8
32.Ng6e7 Kf8
33.Ne7d5 Qe3g1
34.Kg3 Ng5e4
35.Kh4 Qg1f2
36.Kg4 Qf2g3
{ resign }
0-1

[Event "1/32 Finale"]
[Site "www.chess-mail.com"]
[Date "2015.10.19"]
[Round "1"]
[White "Vasylpuzanov"]
[Black "Hennie4820"]
[WhiteElo "2290"]
[BlackElo "1970"]
[Result "0-1"]
[Round "1"]
1.e4 c5
2.Nb1c3 Nb8c6
3.g3 e6
4.Bf1g2 d6
5.Ng1e2 Ng8f6
6.O-O Bf8e7
7.d3 a6
8.f4 Qd8c7
9.Bc1e3 Bc8d7
10.h3 O-O
11.Qd1d2 Ra8d8
12.a3 b5
13.g4 h6
14.f5 Nc6e5
15.Ne2g3 exf5
16.gxf5 { time. }
0-1

[Event "1/64 Finale"]
[Site "www.chess-mail.com"]
[Date "2015.10.19"]
[Round "1"]
[White "Norlavuaram"]
[Black "Vogue"]
[WhiteElo "2170"]
[BlackElo "2270"]
[Result "0-1"]
[Round "1"]
1.e4 c6
2.d4 d5
3.Nb1d2 dxe4
4.Nd2xe4 Nb8d7
5.Ng1f3 Ng8f6
6.Bf1d3 Nf6xe4
7.Bd3xe4 Nd7f6
8.Be4d3 Bc8g4
9.c3 e6
10.O-O Bf8d6
11.h3 Bg4h5
12.Bc1d2 O-O
13.Bd3e2 Ra8c8
14.Bd2e3 Nf6d5
15.Qd1d2 c5
16.dxc5 Nd5xe3
17.Qd2xe3 Bd6xc5
18.Qe3e5 Bh5g6
19.Rf1d1 Qd8b6
20.Qe5g3 Qb6xb2
21.Be2c4 Qb2xc3
22.Ra1c1 Qc3b2
23.Bc4b3 b6
24.Qg3e5 Qb2xf2
25.Kh1 Rf8d8
26.Rd1f1 Bc5d6
27.Qe5g5 Qf2g3
28.Rc1xc8 Rd8xc8
29.Qg5xg3 Bd6xg3
30.Nf3d4 Rc8c7
31.Nd4b5 Rc7d7
32.Rf1c1 Kf8
33.Kg1 Rd7d2
34.Nb5xa7 Bg6e4
{ resign }
0-1

[Event "Eq:Angolana Scacchi-Slap Shot Mates : "]
[Site "www.chess-mail.com"]
[Date "2015.10.19"]
[Round "1"]
[White "Manolinex"]
[Black "Capitaine"]
[WhiteElo "2870"]
[BlackElo "2380"]
[Result "1-0"]
[Round "1"]
1.e4 c5
2.Ng1f3 d6
3.d4 cxd4
4.Nf3xd4 Ng8f6
5.Nb1c3 g6
6.Bc1e3 Bf8g7
7.f3 O-O
8.Qd1d2 Nb8c6
9.O-O-O Nc6xd4
10.Be3xd4 Bc8e6
11.Kb1 Ra8c8
12.g4 a6
13.h4 h5
14.Nc3d5 Be6xd5
15.exd5 Rf8e8
16.Bf1d3 Qd8d7
17.Bd4xf6 Bg7xf6
18.gxh5 Bf6g7
19.hxg6 { resign }
1-0

[Event "Tourn. n8356"]
[Site "www.chess-mail.com"]
[Date "2015.10.20"]
[Round "1"]
[White "Guidom"]
[Black "Piwi123"]
[WhiteElo "2200"]
[BlackElo "2110"]
[Result "1-0"]
[Round "1"]
1.e4 e5
2.Ng1f3 Ng8f6
3.Nb1c3 Bf8c5
4.Bf1c4 d6
5.O-O O-O
6.d3 Nb8c6
7.Bc1g5 h6
8.Bg5h4 Bc8g4
9.h3 Bg4e6
10.Nc3d5 g5
11.Nf3xg5 hxg5
12.Bh4xg5 Be6xd5
13.exd5 Nc6a5
14.Qd1f3 Kg7
15.Ra1e1 Na5xc4
16.dxc4 Kg6
17.h4 Rf8h8
18.g4 Rh8h7
19.Qf3f5 Kg7
20.h5 b5
21.h6 Kg8
22.Bg5xf6 Qd8xf6
23.Qf5xf6 b4
24.g5 Ra8e8
25.g6 fxg6
26.Qf6xg6 { resign }
1-0

[Event "Tourn. n8391"]
[Site "www.chess-mail.com"]
[Date "2015.10.20"]
[Round "1"]
[White "Bira47"]
[Black "Bojan"]
[WhiteElo "2050"]
[BlackElo "1910"]
[Result "0-1"]
[Round "1"]
1.c4 g6
2.g3 Bf8g7
3.Bf1g2 c6
4.Nb1c3 Ng8f6
5.e3 Nb8a6
6.d4 d6
7.a3 Ra8b8
8.b4 Na6c7
9.h3 d5
10.c5 h5
11.Ng1e2 Bc8f5
12.O-O a6
13.a4 b6
14.Bc1a3 bxc5
15.dxc5 h4
16.g4 Nf6xg4
17.hxg4 Bf5xg4
18.f3 Bg4d7
19.Ra1c1 h3
20.Bg2h1 e5
21.Ne2g3 Qd8g5
22.Kf2 h2
23.Bh1g2 Kf8
24.Qd1e1 Rb8e8
25.Ke2 Bg7h6
26.Kd1 d4
27.Nc3e4 Qg5e7
28.Ne4d6 Nc7d5
29.Nd6c4 Bh6xe3
30.Rc1c2 Bd7h3
31.Ng3e4 Bh3xg2
32.Rc2xg2 Nd5f4
33.Nc4xe3 dxe3
34.Rg2c2 Re8d8
35.Ne4d6 e2
36.Rc2xe2 Nf4xe2
37.Kxe2 Qe7e6
38.Rf1h1 Qe6a2
39.Qe1d2 Qa2xa3
40.a5 Rh8h3
41.Qd2d3 Qa3xb4
42.Rh1b1 Qb4xc5
43.Nd6b7 Rd8xd3
44.Nb7xc5 Rd3xf3
45.Nc5d7 Kg7
46.Rb1h1 Rf3a3
47.Kf2 Ra3a2
48.Kf1 Rh3b3
 { time }
0-1

[Event "Tourn. n8377"]
[Site "www.chess-mail.com"]
[Date "2015.10.20"]
[Round "1"]
[White "Jhw"]
[Black "Falcoale"]
[WhiteElo "1900"]
[BlackElo "1940"]
[Result "1-0"]
[Round "1"]
1.c4 c5
2.Nb1c3 e6
3.g3 Ng8f6
4.e3 Nb8c6
5.Bf1g2 d5
6.Qd1e2 Bf8e7
7.d4 cxd4
8.exd4 Nc6xd4
9.Qe2d3 Nd4c6
10.Bc1f4 d4
{ time. }
1-0

[Event "Tourn. n8391"]
[Site "www.chess-mail.com"]
[Date "2015.10.20"]
[Round "1"]
[White "Jhw"]
[Black "Bojan"]
[WhiteElo "1950"]
[BlackElo "1940"]
[Result "0-1"]
[Round "1"]
1.Ng1f3 c5
2.c4 Ng8f6
3.Nb1c3 Nb8c6
4.e3 g6
5.d3 Bf8g7
6.Bc1d2 d5
7.cxd5 Nf6xd5
8.Nc3xd5 Qd8xd5
9.e4 Qd5d6
10.Ra1b1 Qd6e6
11.Nf3g5 Qe6xa2
12.b3 Nc6d4
13.f3 h6
14.Ng5h3 Nd4c2
15.Kf2 Bg7d4
16.Kg3 h5
17.Bf1e2 h4
18.Kf4 f6
19.e5 Bd4xe5
20.Ke4 Bc8f5
21.Kd5 e6
22.Kxc5 Ra8c8
23.Kb5 Qa2a6
{ resign }
0-1

[Event "Tourn. n8433"]
[Site "www.chess-mail.com"]
[Date "2015.10.20"]
[Round "1"]
[White "Umzi"]
[Black "Luban"]
[WhiteElo "2150"]
[BlackElo "2140"]
[Result "0-1"]
[Round "1"]
1.e4 c5
2.Ng1f3 d6
3.d4 cxd4
4.Nf3xd4 Ng8f6
5.Nb1c3 a6
6.Bf1c4 e6
7.O-O Bf8e7
8.h3 b5
9.Bc4b3 Bc8b7
10.a3 Nb8c6
11.Nd4f3 O-O
12.Rf1e1 Ra8c8
13.Nf3g5 Qd8d7
14.e5 Nc6xe5
15.Re1xe5 dxe5
16.Qd1e2 Nf6d5
17.Nc3e4 Be7xg5
18.Bc1xg5 Nd5f4
19.Bg5xf4 exf4
20.Ne4g5 Bb7d5
21.Ra1d1 Qd7c6
{ resign }
0-1

[Event "Tourn. n8431"]
[Site "www.chess-mail.com"]
[Date "2015.10.20"]
[Round "1"]
[White "Yangqi"]
[Black "Cathar"]
[WhiteElo "2550"]
[BlackElo "2260"]
[Result "1/2-1/2"]
[Round "1"]
1.Ng1f3 Ng8f6
2.c4 e6
3.Nb1c3 d5
4.d4 Bf8e7
5.cxd5 exd5
6.Bc1g5 c6
7.e3 Bc8f5
8.Nf3h4 Bf5e6
9.Bf1d3 h6
10.Bg5f4 Nf6e4
11.Nh4f3 Ne4xc3
12.bxc3 Nb8d7
13.O-O O-O
14.Ra1b1 { draw }
1/2-1/2

[Event "Tourn. n8318"]
[Site "www.chess-mail.com"]
[Date "2015.10.20"]
[Round "1"]
[White "Wegaman"]
[Black "Libiesse"]
[WhiteElo "1890"]
[BlackElo "2020"]
[Result "1/2-1/2"]
[Round "1"]
1.d4 d5
2.c4 e6
3.Ng1f3 Ng8f6
4.Bc1g5 Bf8e7
5.Nb1c3 O-O
6.e3 Nb8d7
7.Bf1e2 dxc4
8.Be2xc4 b6
9.O-O Bc8b7
10.Rf1e1 h6
11.Bg5h4 c5
12.Bc4e2 cxd4
13.exd4 Nf6e4
14.Bh4xe7 Qd8xe7
15.Nc3xe4 Bb7xe4
16.Nf3d2 Be4b7
17.Nd2f3 Nd7f6
18.Qd1c2 Rf8c8
19.Qc2b3 Bb7d5
20.Qb3e3 Rc8c7
21.Be2d3 Ra8d8
22.Ra1c1 Rd8c8
23.Rc1xc7 Rc8xc7
24.h3 Qe7b4
25.b3 Bd5xf3
26.gxf3 Qb4d6
27.Kg2 Rc7d7
28.Re1d1 Nf6d5
29.Qe3e4 Nd5f4
30.Kf1 Nf4xd3
31.Qe4xd3 Qd6h2
32.Ke2 Qh2xh3
33.Rd1c1 Qh3h4
34.Rc1c8 Rd7d8
35.Rc8c4 Qh4f6
36.Rc4a4 Rd8d7
37.Ra4c4 g5
38.Rc4c8 Kg7
39.Rc8c4 b5
40.Rc4b4 a6
41.a4 Qf6e7
42.Qd3c3 Rd7c7
43.Qc3d2 Qe7d6
44.axb5 axb5
45.Rb4xb5 Qd6a6
46.Qd2a5 Qa6xa5
47.Rb5xa5 Rc7c2
48.Kd3 Rc2xf2
49.Ke3 Rf2b2
50.Ra5b5 Rb2c2
51.Kd3 Rc2c6
52.Rb5a5 f5
53.Ra5a1 Kg6
54.b4 h5
55.b5 Rc6b6
56.Kc4 g4
57.Kc5 Rb6b8
58.fxg4 hxg4
59.Kc6 g3
60.b6 f4
61.Kc7 f3
62.Kxb8 g2
63.b7 f2
64.Kc7 f1Q
65.Ra1xf1 gxf1Q
66.b8Q Qf1c4
67.Kd6 Qc4d5
68.Ke7 Qd5g5
{ draw }
1/2-1/2

[Event "Tourn. n8356"]
[Site "www.chess-mail.com"]
[Date "2015.10.20"]
[Round "1"]
[White "Piwi123"]
[Black "Vogue"]
[WhiteElo "2110"]
[BlackElo "2100"]
[Result "0-1"]
[Round "1"]
1.e4 c6
2.Ng1f3 d5
3.exd5 cxd5
4.d4 Nb8c6
5.c3 Ng8f6
6.Bf1b5 e6
7.O-O Bf8d6
8.Rf1e1 O-O
9.Bc1g5 Qd8b6
10.a4 Nf6e4
11.Nb1d2 Ne4xg5
12.Nf3xg5 h6
13.Ng5f3 a6
14.Bb5xc6 bxc6
15.b3 c5
16.a5 Qb6c7
17.Nd2f1 Ra8b8
18.dxc5 Qc7xc5
19.Qd1d2 Rb8xb3
20.Re1c1 e5
21.Nf1e3 Bc8e6
22.Qd2c2 Rb3a3
23.Qc2b2 { time. }
0-1

[Event "Tourn. n8361"]
[Site "www.chess-mail.com"]
[Date "2015.10.20"]
[Round "1"]
[White "Ochoreales"]
[Black "Gegonz"]
[WhiteElo "2070"]
[BlackElo "1930"]
[Result "1-0"]
[Round "1"]
1.e4 e6
2.d4 d6
3.Ng1f3 Bf8e7
4.Bf1d3 Bc8d7
5.O-O c5
6.dxc5 dxc5
7.c4 Nb8c6
8.e5 Qd8c7
9.Rf1e1 O-O-O
10.Nb1c3 h6
11.a3 f5
12.Nc3b5 Qc7b8
13.Bc1d2 Bd7e8
14.b4 Rd8xd3
15.Qd1c2 Rd3d8
16.bxc5 Be7xc5
17.Nb5d6 Bc5xd6
18.exd6 Ng8f6
19.c5  { time }
1-0

[Event "Tourn. n8320"]
[Site "www.chess-mail.com"]
[Date "2015.10.20"]
[Round "1"]
[White "Squimichele"]
[Black "Yangqi"]
[WhiteElo "2460"]
[BlackElo "2350"]
[Result "0-1"]
[Round "1"]
1.d4 Ng8f6
2.Ng1f3 g6
3.Bc1g5 Bf8g7
4.Nb1d2 O-O
5.e4 d5
6.exd5 Nf6xd5
7.c3 h6
8.Bg5h4 Nb8d7
9.Bf1c4 Nd5b6
10.Bc4b3 c5
11.O-O cxd4
12.cxd4 Nd7f6
13.Rf1e1 Bc8f5
14.Qd1e2 g5
15.Bh4g3 e6
16.Ra1c1 Ra8c8
17.Nd2f1 Nb6d5
18.Rc1xc8 Qd8xc8
19.Nf1e3 Nd5xe3
20.Qe2xe3 Nf6d5
21.Qe3d2 Qc8d8
22.h4 g4
23.Nf3e5 Nd5f6
24.Bg3f4 Kh7
25.Bb3c2 Bf5xc2
26.Qd2xc2 Kg8
27.Qc2c5 Nf6d5
28.Bf4g3 h5
29.Qc5xa7 Qd8a8
30.Qa7xa8 Rf8xa8
31.a3 Ra8a4
32.Re1d1 f5
33.Kf1 f4
34.Bg3h2 Bg7f6
35.Ne5d7 Bf6e7
36.Nd7c5 Be7xc5
37.dxc5 Ra4c4
38.b4 Rc4c3
39.Rd1a1 Kf7
40.Bh2g1 e5
41.Ke2 e4
42.Kf1 Ke6
43.Ke1 Ke5
44.g3 fxg3
45.fxg3 e3
46.Kf1 Ke4
{ resign }
0-1

[Event "Tourn. n8320"]
[Site "www.chess-mail.com"]
[Date "2015.10.20"]
[Round "1"]
[White "Tartan"]
[Black "Krystek23"]
[WhiteElo "2460"]
[BlackElo "2330"]
[Result "1-0"]
[Round "1"]
1.d4 Ng8f6
2.c4 e6
3.Nb1c3 Bf8b4
4.Qd1c2 h6
5.a3 Bb4e7
6.e4 d5
7.e5 Nf6h7
8.Bf1d3 Nh7f8
9.Ng1f3 a6
10.O-O c6
11.Bc1e3 Nf8d7
12.c5 a5
13.b4 b6
14.Rf1b1 O-O
15.Qc2d2 f6
16.exf6 Be7xf6
17.Be3f4 bxc5
18.bxc5 Bc8a6
19.Bd3g6 Nd7xc5
20.Qd2e3 Qd8e7
21.Bf4xb8 Ra8xb8
22.dxc5 d4
23.Nf3xd4 Qe7xc5
24.Rb1d1 Bf6xd4
25.Qe3xd4 Qc5g5
26.Bg6c2 c5
27.Qd4e4 Qg5f5
28.Qe4xf5 exf5
29.Rd1d5 Rb8b2
30.Bc2xf5 Ba6c8
31.Ra1b1 Rb2xb1
32.Bf5xb1 Bc8e6
33.Rd5xc5 Rf8a8
34.Bb1e4 Ra8a7
35.Be4d5 Be6xd5
36.Nc3xd5 Kf7
37.Rc5c7 Ra7xc7
38.Nd5xc7 Ke7
39.Nc7d5 Kd6
40.Nd5e3 Kc5
41.Kf1 Kb5
42.Ke2 Ka4
43.Ne3c4 Kb5
44.Kd3 g5
45.f3 h5
46.Kd4 a4
47.Kd5 h4
48.g3 hxg3
49.hxg3 Ka6
50.Kc6 Ka7
51.Nc4d6 Ka6
52.f4 gxf4
53.gxf4 Ka7
54.f5 { resign }
1-0

[Event "Tourn. n8412"]
[Site "www.chess-mail.com"]
[Date "2015.10.20"]
[Round "1"]
[White "Falcoale"]
[Black "Gegonz"]
[WhiteElo "1890"]
[BlackElo "1770"]
[Result "1-0"]
[Round "1"]
1.e4 e6
2.Ng1f3 Bf8e7
3.Bf1c4 Ng8f6
4.d3 O-O
5.O-O c5
6.h3 d5
7.exd5 exd5
8.Bc4b3 Bc8e6
9.Bc1f4  { time }
1-0

[Event "Tourn. n8375"]
[Site "www.chess-mail.com"]
[Date "2015.10.20"]
[Round "1"]
[White "Libiesse"]
[Black "Madz123456"]
[WhiteElo "2110"]
[BlackElo "2220"]
[Result "0-1"]
[Round "1"]
1.d4 d5
2.c4 e6
3.Ng1f3 Ng8f6
4.Bc1g5 Bf8e7
5.Nb1c3 O-O
6.e3 b6
7.cxd5 Nf6xd5
8.Bg5xe7 Qd8xe7
9.Nc3xd5 exd5
10.Bf1d3 c5
11.O-O c4
12.Bd3b1 Bc8a6
13.Qd1c2 g6
14.Rf1c1 Nb8c6
15.a3 Ra8e8
16.Qc2a4 Ba6b7
17.b4 f5
18.Bb1a2 f4
19.Rc1e1 fxe3
20.Re1xe3 Qe7g7
21.Ra1e1 Re8xe3
22.Re1xe3 Nc6xd4
23.Re3e8 Nd4xf3
24.gxf3 a6
25.Re8xf8 Kxf8
26.Qa4c2 Qg7f6
27.Qc2c1 Qf6xf3
28.Qc1e3 Qf3d1
29.Kg2 d4
{ resign }
0-1

[Event "Tourn. n8400"]
[Site "www.chess-mail.com"]
[Date "2015.10.20"]
[Round "1"]
[White "Azorau"]
[Black "Azulmarino"]
[WhiteElo "1890"]
[BlackElo "1710"]
[Result "1-0"]
[Round "1"]
1.Ng1f3 e6
2.e4 Bf8c5
3.d4 Bc5b6
4.Nf3g5 h6
5.Ng5xf7 Kxf7
6.Qd1f3 Ng8f6
7.e5 Ke7
8.exf6 gxf6
9.Bc1e3 Nb8c6
10.c3 Qd8f8
11.Bf1c4 Ke8
12.O-O d5
13.Qf3h5 Kd8
14.Bc4d3 e5
15.dxe5 Nc6xe5
16.Rf1d1 Bc8g4
17.Qh5h4 Qf8g7
18.Be3f4 Bg4xd1
19.Bf4xe5 Bd1f3
20.Be5xf6 Qg7xf6
21.Qh4xf6 { resign }
1-0

[Event "Tourn. n8436"]
[Site "www.chess-mail.com"]
[Date "2015.10.20"]
[Round "1"]
[White "Luban"]
[Black "Norlavuaram"]
[WhiteElo "2160"]
[BlackElo "2200"]
[Result "0-1"]
[Round "1"]
1.d4 Ng8f6
2.c4 g6
3.e3 Bf8g7
4.Nb1c3 O-O
5.Ng1f3 d5
6.h3 dxc4
7.Bf1xc4 b6
8.O-O Bc8b7
9.Nf3g5 Nb8d7
10.Qd1b3 e6
11.Bc4xe6 Qd8e7
12.Ng5xf7 Rf8xf7
13.Be6xf7 Qe7xf7
14.Qb3xf7 Kxf7
15.Bc1d2 Nf6e4
16.f3 Ne4xd2
{ resign }
0-1

[Event "Tourn. n8413"]
[Site "www.chess-mail.com"]
[Date "2015.10.20"]
[Round "1"]
[White "Cathar"]
[Black "Schwiizer"]
[WhiteElo "2260"]
[BlackElo "2770"]
[Result "0-1"]
[Round "1"]
1.Ng1f3 d5
2.c4 d4
3.g3 c5
4.e3 Nb8c6
5.exd4 cxd4
6.Bf1g2 Ng8f6
7.O-O e5
8.d3 Bf8d6
9.Bc1g5 h6
10.Bg5xf6 Qd8xf6
11.Nb1d2 Bd6c7
12.a3 a5
13.c5 a4
14.Nd2c4 O-O
15.Nf3d2 Qf6e7
16.Nd2e4 Bc8e6
17.Ra1c1 Nc6a5
18.Nc4xa5 Ra8xa5
19.Qd1d2 Ra5b5
{ resign }
0-1

[Event "Match"]
[Site "www.echecsemail.com"]
[Date "2015.10.20"]
[Round "1"]
[White "Jhw"]
[Black "Cristiano"]
[WhiteElo "1860"]
[BlackElo "1990"]
[Result "0-1"]
[Round "1"]
1.c4 Ng8f6
2.e3 g6
3.d4 d6
4.Nb1c3 Bf8g7
5.f3 Nb8d7
6.Bf1d3 O-O
7.Bc1d2 e5
8.Ng1e2 a6
9.a3 c6
10.b4 Ra8b8
11.a4 exd4
12.exd4 c5
13.Nc3e4 Nf6xe4
14.Bd3xe4 cxd4
15.Ra1b1 b5
16.axb5 axb5
17.cxb5 Bc8b7
18.Be4xb7 Rb8xb7
19.Bd2f4 Rb7b6
20.Ne2xd4 Rf8e8
21.Kf1 Nd7e5
22.Bf4xe5 dxe5
23.Nd4c6 Qd8xd1
24.Rb1xd1 Rb6xb5
25.Kf2 Rb5b7
26.Rh1e1 f6
27.f4 e4
28.Kg3 f5
29.Rd1b1 Bg7f6
30.b5 h5
31.h4 Re8a8
32.Re1d1 Ra8a3
33.Kh2 Bf6xh4
34.Rd1d6 Bh4g3
35.Kh1 Rb7g7
36.Rd6d8 Kh7
37.Rb1d1 Bg3xf4
38.Rd8c8 Rg7b7
39.Nc6d4 Ra3d3
40.Rd1xd3 exd3
41.Nd4e6 Bf4h6
42.b6 Rb7xb6
43.Rc8c7 Kg8
44.Rc7c8 Kf7
45.Ne6c5 d2
46.Rc8c7 Ke8
47.Rc7c8 Ke7
{ resign }
0-1

[Event "Match"]
[Site "www.echecsemail.com"]
[Date "2015.10.20"]
[Round "1"]
[White "Lino"]
[Black "Chtoubidou"]
[WhiteElo "1799"]
[BlackElo "1960"]
[Result "1-0"]
[Round "1"]
1.e4 d5
2.exd5 Ng8f6
3.d4 Bc8g4
4.Ng1f3 Qd8xd5
5.Bf1e2 e6
6.h3 Bg4h5
7.O-O Bf8e7
8.c4 Qd5d8
9.Qd1b3 b6
10.Nb1c3 O-O
11.Bc1e3 Nb8d7
12.Ra1d1 a5
13.g4 Bh5g6
14.Nf3e5 Nf6e4
15.Ne5xg6 Ne4xc3
16.Ng6xe7 Qd8xe7
17.Qb3xc3 { resign }
1-0

[Event "Match"]
[Site "www.echecsemail.com"]
[Date "2015.10.20"]
[Round "1"]
[White "Fabos12"]
[Black "Tendoi"]
[WhiteElo "1670"]
[BlackElo "1329"]
[Result "1-0"]
[Round "1"]
1.e4 c5
2.c3 e6
3.Ng1f3 Qd8b6
4.d4 d5
5.exd5 exd5
6.dxc5 Bf8xc5
7.Qd1e2 Bc8e6
8.Nf3g5 Ng8f6
9.Nb1d2 O-O
10.Nd2b3 Rf8e8
11.Nb3xc5 Qb6xc5
12.Bc1e3  { time }
1-0

[Event "Match"]
[Site "www.echecsemail.com"]
[Date "2015.10.20"]
[Round "1"]
[White "Jhw"]
[Black "Fangshuo"]
[WhiteElo "1920"]
[BlackElo "2140"]
[Result "0-1"]
[Round "1"]
1.c4 e5
2.Qd1c2 Ng8f6
3.e3 c6
4.b3 d5
5.Bc1b2 d4
6.Bf1e2 c5
7.h3 e4
8.f3 d3
9.Be2xd3 exd3
10.Qc2c3 Nb8c6
11.a3 Bf8d6
12.f4 Bc8f5
13.g4 Bf5e4
14.Rh1h2 O-O
15.h4 Qd8d7
16.g5 Nf6h5
17.Ng1h3 Qd7g4
18.a4 Rf8e8
19.Nb1a3 Bd6xf4
20.Rh2f2 Bf4g3
21.Nh3f4 Qg4f3
22.Nf4xd3 Be4xd3
23.Qc3xd3 Bg3xf2
{ resign }
0-1